• 首页
  • 本馆介绍
  • 公告通知
  • 最新文献
  • 馆藏检索
  • 电子资源
  • 读者导购
  • 参考咨询
  • 我的图书馆
  • 登录
  • 详细信息显示
  • 放入我的书架
  • 预约/预借图书
  • 作者相关作品
  • 分类相关作品
  • 丛书相关作品
  • 出版社相关作品

书目信息

  • 表格格式
  • 工作单格式
  • 卡片格式
题名:
初期女性苏菲研究
    
 
作者: 科奈尔 著 ;马仲荣 译
分册:  
出版信息: 北京   中央民族大学出版社  2017
页数: 224页
开本: 24cm
丛书名:
单 册:
中图分类: C913.68
科图分类:
主题词: 穆斯林--mu si lin--妇女问题--研究--古代
电子资源:
ISBN: 978-7-5660-1235-7
000 01595nam0 22002651 450
001 0119171326
005 20170619171326.0
010    @a978-7-5660-1235-7@dCNY48.00
100    @a20170328d2017 em y0chiy50 ea
101 1  @achi@ceng
102    @aCN@b110000
105    @aa z 000yy
106    @ar
200 1  @a初期女性苏菲研究@9chu qi nv xing su fei yan jiu@f(美)拉基亚·艾拉汝伊·科奈尔著@g马仲荣译
210    @a北京@c中央民族大学出版社@d2017
215    @a224页@c图@d24cm
314    @a拉基亚·艾拉汝伊·科奈尔 (Rkia Elaroui Cornell),女,英国杜克大学亚非语言文学系主任、教授。
314    @a马仲荣,男,回族,博士,副教授,中国统一战线理论研究会民族宗教理论甘肃研究基地研究员等职。
330    @a本书由四部分组成:第一部分导读,第二部分是对古代阿拉伯学者苏拉米关于女苏菲家著作的翻译以及注释,第三部分附录,第四部分是译名表。在导读部分,拉基亚·艾拉汝伊·科奈尔阐明了这本书在原作者苏拉米的作品《女苏菲潜修者记》中的重要性。她通过历史语境和比较观察,从中梳理出大量的信息,评价了一千多年前穆斯林妇女的宗教选择,为今天穆斯林妇女的宗教生活提供了新的理解视野。在翻译及注释部分,拉基亚·艾拉汝伊·科奈尔精心翻译和注释了这本内容丰富的文献,展现了苏菲主义作为一种宗教功修的志业,描述了其宗教功修传统,考察了早期苏菲妇女多种苦修和秘密功干的派别。尤其通过注释详细解释了女性骑士制度(尼斯旺)传统,与男性中间传播广泛的称之为富图瓦的道德教义制度相对应。
606 0  @a穆斯林@9mu si lin@x妇女问题@x研究@z古代
690    @aC913.68@v5
701  0 @c(美)@a科奈尔@9ke nai er@c(Cornell, Rkia Elaroui)@4著
702  0 @c(回)@a马仲荣@9ma zhong rong@4译
801  0 @aCN@b百万庄@c20170617
905    @b1012773-8@dC913.68@e1039@f6
    
    初期女性苏菲研究/(美)拉基亚·艾拉汝伊·科奈尔著/马仲荣译.-北京:中央民族大学出版社,2017
    224页:图;24cm
    
    
    ISBN 978-7-5660-1235-7:CNY48.00
    本书由四部分组成:第一部分导读,第二部分是对古代阿拉伯学者苏拉米关于女苏菲家著作的翻译以及注释,第三部分附录,第四部分是译名表。在导读部分,拉基亚·艾拉汝伊·科奈尔阐明了这本书在原作者苏拉米的作品《女苏菲潜修者记》中的重要性。她通过历史语境和比较观察,从中梳理出大量的信息,评价了一千多年前穆斯林妇女的宗教选择,为今天穆斯林妇女的宗教生活提供了新的理解视野。在翻译及注释部分,拉基亚·艾拉汝伊·科奈尔精心翻译和注释了这本内容丰富的文献,展现了苏菲主义作为一种宗教功修的志业,描述了其宗教功修传统,考察了早期苏菲妇女多种苦修和秘密功干的派别。尤其通过注释详细解释了女性骑士制度(尼斯旺)传统,与男性中间传播广泛的称之为富图瓦的道德教义制度相对应。
●
相关链接 在E读中查询图书 在五车中查询图书 在当当中查询图书 在豆瓣中查询图书


正题名:初期女性苏菲研究     索取号:C913.68/1039         预约/预借

序号 登录号 条形码 馆藏地/架位号 状态 备注
1 1012773   210127735   第一样本阅览室/ [索取号:C913.68/1039] 在馆    
2 1012774   210127744   教育系资料室/ [索取号:C913.68/1039] 在馆    
3 1012775   210127753   教育系资料室/ [索取号:C913.68/1039] 在馆    
4 1012776   210127762   教育系资料室/ [索取号:C913.68/1039] 在馆    
5 1012777   210127771   第一借阅区/ [索取号:C913.68/1039] 在馆    
6 1012778   210127780   第一借阅区/ [索取号:C913.68/1039] 在馆    
唐山师范学院图书馆 欢迎您!
大连网信软件有限公司© 版权所有